| 000 | 00866nam a2200229 a 4500 | ||
|---|---|---|---|
| 001 | 000034779 | ||
| 005 | 20200930073910.0 | ||
| 008 | 111019s1986 xxua 000 0 eng d | ||
| 020 | _a0961593202 | ||
| 040 |
_aDO-SdBNP _bspa _cBNPHU |
||
| 082 |
_a759.97294 _bP294h |
||
| 100 | 1 |
_aPataki, Eva _960271 |
|
| 245 | 1 | 0 |
_aHaitian painting : _bart and kitsch / _cEva Pataki. |
| 260 |
_aJamaica Estates, New York : _bAdams Press, _c1986. |
||
| 300 |
_a161 p. : _bil. ; _c24 cm. |
||
| 590 | _aPerteneció a la biblioteca personal de Juan Isidro Jimenes Grullón. | ||
| 500 | _aIncluye índice de ilustraciones y lista de pintores haitianos relacionados en la obra. | ||
| 504 | _aIncluye referencias bibliográficas y notas al pie de las páginas. | ||
| 650 | 4 |
_aPintura haitiana _xHistoria _934337 |
|
| 650 | 4 |
_aPintores haitianos _934336 |
|
| 650 | 4 |
_aKitsch _xHaíti _960272 |
|
| 999 |
_c34270 _d34270 |
||